=LDR 00000nam 2200000 4500 =001 INLIS000000000027998 =005 20130612130330 =008 ***********************************Ind** =035 ##$$0010-061300000027998 =041 ##$$a Ind =082 ##$$a F Rom K =090 ##$$a F Rom K, Gos d =100 ##$$a Gosho, Aoyama =245 ##$$a Detektif Conan Edisi Spesial, Buku 4, Aoyama Gosho =260 ##$$a 2001 $b Jakarta =300 ##$$a 193 hlm, ilus, 18 cm =650 ##$$a Fiksi kanak-kanak =850 ##$$a NBPNMAT